<?xml version="1.0" encoding="UTF-8"?>
<collection xmlns="http://www.loc.gov/MARC21/slim">
 <record>
  <leader>01046pam a22002418a 4500</leader>
  <controlfield tag="001">00000043</controlfield>
  <controlfield tag="005">20171026081022.0</controlfield>
  <controlfield tag="008">110316s2003                  ||||||Viesd</controlfield>
  <datafield tag="020" ind1="#" ind2="#">
   <subfield code="a">31000</subfield>
  </datafield>
  <datafield tag="041" ind1="0" ind2="#">
   <subfield code="a">Vie</subfield>
  </datafield>
  <datafield tag="082" ind1="1" ind2="4">
   <subfield code="a">303.6</subfield>
   <subfield code="b">KH513B</subfield>
  </datafield>
  <datafield tag="110" ind1="1" ind2="#">
   <subfield code="a">Viện thông tin khoa học xã hội</subfield>
   <subfield code="b">Trung tâm KHXH &amp; nhân văn quốc gia</subfield>
  </datafield>
  <datafield tag="245" ind1="0" ind2="0">
   <subfield code="a">Khủng bố và chống khủng bố với vấn đề an ninh quốc tế</subfield>
  </datafield>
  <datafield tag="260" ind1="#" ind2="#">
   <subfield code="b">Khoa học xã hội</subfield>
   <subfield code="c">2003</subfield>
   <subfield code="a">H.</subfield>
  </datafield>
  <datafield tag="300" ind1="#" ind2="#">
   <subfield code="a">317 tr.</subfield>
   <subfield code="c">20 cm.</subfield>
  </datafield>
  <datafield tag="650" ind1="#" ind2="4">
   <subfield code="a">Khủng bố</subfield>
  </datafield>
  <datafield tag="653" ind1="#" ind2="#">
   <subfield code="a">An ninh quốc tế</subfield>
   <subfield code="a">Chính trị</subfield>
   <subfield code="a">Khủng bố</subfield>
   <subfield code="a">xã hội</subfield>
  </datafield>
  <datafield tag="710" ind1=" " ind2=" ">
   <subfield code="a">Viện thông tin khoa học xã hội</subfield>
   <subfield code="b">Trung tâm KHXH &amp; nhân văn quốc gia</subfield>
  </datafield>
  <datafield tag="852" ind1="#" ind2="#">
   <subfield code="b">Kho mượn</subfield>
   <subfield code="j">KM.0001092, KM.0001093, KM.0001094, KM.0001422</subfield>
  </datafield>
  <datafield tag="852" ind1="#" ind2="#">
   <subfield code="b">Kho đọc</subfield>
   <subfield code="j">KD.0000169</subfield>
  </datafield>
  <datafield tag="852" ind1="#" ind2="#">
   <subfield code="j">KM.0001092</subfield>
   <subfield code="j">KM.0001094</subfield>
   <subfield code="j">KM.0001093</subfield>
   <subfield code="j">KD.0000169</subfield>
   <subfield code="j">KM.0001422</subfield>
  </datafield>
  <datafield tag="910" ind1=" " ind2=" ">
   <subfield code="d">16/03/2011</subfield>
  </datafield>
  <datafield tag="980" ind1="#" ind2="#">
   <subfield code="a">Trung tâm Học liệu Lê Vũ Hùng, Trường Đại học Đồng Tháp</subfield>
  </datafield>
 </record>
</collection>
